| 000 | 00760nam a22002537a 4500 | ||
|---|---|---|---|
| 003 | KOHA_MİRAKIL | ||
| 005 | 20260416105836.0 | ||
| 008 | 260416b tu ||||| |||| 00| 0 tur d | ||
| 020 | _a9786057077929 | ||
| 040 |
_aTR-AnABB _btur _cTR-AnABB |
||
| 041 | _atur | ||
| 082 |
_a813.42 _bCET 2021 |
||
| 100 | 1 | _aÇetinkaya, Cihat | |
| 245 | 1 | 0 |
_aGezgin / _cCihat Çetinkaya |
| 250 | _a1. baskı | ||
| 260 |
_aİstanbul : _bİki nokta kitapevi, _c2021 |
||
| 300 |
_a190 sayfa ; _c20 cm |
||
| 490 | 0 |
_aİki nokta yayın no ; _v22 |
|
| 490 | 0 |
_aİki nokta hikaye ; _v3 |
|
| 500 | _aYazar tarafından Prof. Dr. Ruşen Keleş için imzalanmıştır. | ||
| 650 | 0 | 4 | _aTürk edebiyatı, roman |
| 900 | _bCan ÇELIK | ||
| 942 |
_2ddc _cBK |
||
| 999 |
_c10283 _d10283 |
||